[Event "ENG-ch Schools"]
[Site "Nottingham"]
[Date "2025.06.25"]
[Round "3.4"]
[White "Chadwick, Thomas"]
[Black "Yu, Daniel"]
[Result "0-1"]
[WhiteElo "1754"]
[BlackElo "1930"]
[PlyCount "64"]
[EventDate "2025.06.25"]
[EventType "team-swiss"]
[EventRounds "6"]
[EventCountry "ENG"]
[SourceTitle "CB27_2025"]
[SourceDate "2025.07.02"]
[SourceVersion "1"]
[SourceVersionDate "2025.07.02"]
[SourceQuality "1"]
[WhiteTeam "University College"]
[BlackTeam "Westminster"]
[WhiteTeamCountry "ENG"]
[BlackTeamCountry "ENG"]

1. c4 Nf6 2. Nc3 d5 3. cxd5 Nxd5 4. g3 Nxc3 5. bxc3 c5 6. Bg2 Nc6 7. Nf3 g6 8. 0-0 Bg7 9. Qc2 e5 10. d3 0-0 11. Ba3 Qa5 12. Bb2 h6 13. h3 Be6 14. a3 Rac8 15. c4 Rfe8 16. Nd2 Qc7 17. Kh2 f5 18. f4 Nd4 19. Bxd4 cxd4 20. Rab1 b6 21. fxe5 Bxe5 22. Kh1 Bxg3 23. Nf3 Rcd8 24. Qd2 Kh7 25. Qb2 Be5 26. Nxe5 Qxe5 27. Rbe1 f4 28. Qd2 Rf8 29. Rf2 Qh5 30. Kg1 Bxh3 31. Ref1 Bxg2 32. Rxg2 Qe5 0-1

[Event "ECF Schools-ch"]
[Site "Nottingham"]
[Date "2024.06.28"]
[Round "4.4"]
[White "Yu, Daniel"]
[Black "Sui, Yueyue"]
[Result "1-0"]
[WhiteElo "2017"]
[BlackElo "1786"]
[PlyCount "61"]
[EventDate "2024.06.27"]
[EventType "team-swiss"]
[EventRounds "5"]
[EventCountry "ENG"]
[SourceTitle "EXT 2025"]
[Source "ChessBase"]
[SourceDate "2024.10.14"]
[SourceVersion "1"]
[SourceVersionDate "2024.10.14"]
[SourceQuality "1"]
[WhiteTeam "Westminster School"]
[BlackTeam "Magdalen College School"]
[WhiteTeamCountry "ENG"]
[BlackTeamCountry "ENG"]

1. c4 Nf6 2. Nc3 e6 3. g3 d5 4. d4 dxc4 5. Bg2 c5 6. Nf3 Nc6 7. Be3 cxd4 8. Nxd4 Nxd4 9. Bxd4 Be7 10. Qa4+ Bd7 11. Qxc4 Rc8 12. Qb3 b6 13. Rd1 0-0 14. 0-0 Qe8 15. e4 Bc6 16. a4 Nd7 17. Qa2 Bc5 18. a5 e5 19. Bxc5 Nxc5 20. b4 Ne6 21. axb6 axb6 22. Nd5 b5 23. Qa7 Bxd5 24. exd5 Nd4 25. Rfe1 Nc2 26. Re4 f6 27. d6 Qd8 28. Rg4 Rf7 29. Bd5 Qf8 30. Rc1 g6 31. d7 1-0

[Event "Gibraltar U12 op"]
[Site "Caleta"]
[Date "2019.08.18"]
[Round "4"]
[White "Yu, Daniel"]
[Black "Martinez Soriano, Pablo"]
[Result "0-1"]
[WhiteElo "1398"]
[BlackElo "1724"]
[PlyCount "136"]
[EventDate "2019.08.16"]
[EventType "swiss"]
[EventRounds "6"]
[EventCountry "GGB"]
[SourceTitle "CBM 195 Extra"]
[Source "ChessBase"]
[SourceDate "2020.05.31"]
[SourceVersion "1"]
[SourceVersionDate "2020.05.31"]
[SourceQuality "1"]

1. d4 e6 2. Nf3 f5 3. c4 Nf6 4. Nc3 b6 5. Bf4 Bb7 6. e3 Bb4 7. Qb3 a5 8. a3 a4 9. Qc2 Ba5 10. Be2 0-0 11. 0-0 Bxc3 12. Qxc3 Ne4 13. Qc2 g5 14. Bg3 g4 15. Nd2 Nxd2 16. Qxd2 h5 17. f3 d6 18. Qe1 Qg5 19. Bf4 Qg6 20. Qh4 Nd7 21. Qg5 Kg7 22. Qxg6+ Kxg6 23. fxg4 hxg4 24. h3 gxh3 25. gxh3 e5 26. dxe5 dxe5 27. Bg3 Kf6 28. Bf3 Bxf3 29. Rxf3 Nc5 30. Rd1 e4 31. Rf2 Nd3 32. Rfd2 c6 33. Kh2 Rf7 34. Rb1 Rb7 35. Bh4+ Ke6 36. Rg1 Ne5 37. Rf2 Nf3+ 38. Rxf3 exf3 39. Rg6+ Ke5 40. Rxc6 Ke4 41. Bg5 Rg8 42. h4 Rh7 43. Kg3 Rxh4 44. Kxh4 f2 45. Re6+ Kf3 46. Rf6 Rh8+ 47. Bh6 Rxh6+ 48. Rxh6 f1Q 49. Kg5 Kxe3 50. Re6+ Kd4 51. Rxb6 Kxc4 52. Rb4+ Kd3 53. Rxa4 Ke3 54. Ra5 f4 55. Re5+ Kd4 56. Rf5 f3 57. Rf4+ Ke3 58. Rf8 f2 59. Re8+ Kd2 60. Rd8+ Qd3 61. Rxd3+ Kxd3 62. Kf5 f1Q+ 63. Ke5 Qe2+ 64. Kd5 Qxb2 65. a4 Qb3+ 66. Ke5 Qxa4 67. Kf5 Qe8 68. Kf4 Qe6 0-1

[Event "BCF-ch U12"]
[Site "Hull"]
[Date "2018.07.31"]
[Round "3"]
[White "Yu, Daniel"]
[Black "White, Oliver"]
[Result "1-0"]
[WhiteElo "1682"]
[BlackElo "1600"]
[PlyCount "73"]
[EventDate "2018.07.29"]
[EventType "swiss"]
[EventRounds "7"]
[EventCountry "ENG"]
[SourceTitle "CBM 186 Extra"]
[Source "ChessBase"]
[SourceDate "2018.08.24"]
[SourceVersion "1"]
[SourceVersionDate "2018.08.24"]
[SourceQuality "1"]

1. d4 d5 2. c4 e6 3. Nf3 Nc6 4. e3 Nf6 5. a3 a5 6. Nc3 Bd7 7. Bd3 Bd6 8. c5 Be7 9. Qc2 h6 10. Bd2 b6 11. cxb6 cxb6 12. 0-0 Na7 13. Ne5 Bd6 14. Nxd7 Qxd7 15. Qb3 0-0 16. Nb5 Nxb5 17. Bxb5 Qc7 18. h3 Ne4 19. Rfd1 Rfc8 20. Bd3 f5 21. Bxe4 fxe4 22. Rac1 Qb7 23. Rxc8+ Rxc8 24. Bxa5 Qc6 25. Bc3 Rf8 26. Rc1 Qc7 27. Rc2 Rc8 28. Kf1 Be7 29. Ke2 Qh2 30. Qxb6 Bd6 31. g3 Bxg3 32. Qxe6+ Kh7 33. Qf5+ Kg8 34. Qxc8+ Kh7 35. Be1 Qg2 36. Qf5+ Kg8 37. Rc8# 1-0

[Event "BCF-ch U12"]
[Site "Hull"]
[Date "2018.07.30"]
[Round "2"]
[White "Yu, Daniel"]
[Black "Ratnesan, Radha"]
[Result "0-1"]
[WhiteElo "1682"]
[BlackElo "1295"]
[PlyCount "52"]
[EventDate "2018.07.29"]
[EventType "swiss"]
[EventRounds "7"]
[EventCountry "ENG"]
[SourceTitle "CBM 186 Extra"]
[Source "ChessBase"]
[SourceDate "2018.08.24"]
[SourceVersion "1"]
[SourceVersionDate "2018.08.24"]
[SourceQuality "1"]

1. d4 Nf6 2. c4 e6 3. Nf3 b6 4. Nc3 Bb4 5. Bd2 Bb7 6. a3 Bxc3 7. Bxc3 0-0 8. e3 Ne4 9. Bd3 f5 10. 0-0 d6 11. Nd2 Nxc3 12. bxc3 Nd7 13. Qe2 Qg5 14. Nf3 Qg4 15. h3 Qh5 16. Nd2 Qh6 17. e4 Rae8 18. Nf3 c5 19. Qd2 fxe4 20. Bxe4 Bxe4 21. Ng5 Bc6 22. d5 exd5 23. cxd5 Bb5 24. Rfd1 Re2 25. Nf3 Rxd2 26. Rxd2 Rxf3 0-1

[Event "BCF-ch U11"]
[Site "Hull"]
[Date "2018.07.27"]
[Round "3"]
[White "Makkar, Rajat"]
[Black "Yu, Daniel"]
[Result "1-0"]
[WhiteElo "190"]
[BlackElo "131"]
[PlyCount "105"]
[EventDate "2018.07.27"]
[EventType "swiss"]
[EventRounds "6"]
[EventCountry "ENG"]
[SourceTitle "CBM 186 Extra"]
[Source "ChessBase"]
[SourceDate "2018.08.24"]
[SourceVersion "1"]
[SourceVersionDate "2018.08.24"]
[SourceQuality "1"]

1. d4 d5 2. c4 e6 3. g3 Nf6 4. Nf3 Be7 5. Bg2 0-0 6. 0-0 Nbd7 7. Qc2 c5 8. cxd5 exd5 9. Nc3 b6 10. Ng5 Bb7 11. Nxd5 Bxd5 12. Bxd5 Rc8 13. Qb3 Nxd5 14. Qxd5 cxd4 15. Qxd4 Bf6 16. Qd3 g6 17. Ne4 Bg7 18. Bg5 Qc7 19. Rac1 Nc5 20. Nxc5 bxc5 21. Qc2 Qe5 22. Be3 Qxb2 23. Qxb2 Bxb2 24. Rxc5 Rxc5 25. Bxc5 Re8 26. e3 Bg7 27. Rb1 Ra8 28. Rb7 a5 29. a4 Bf8 30. Rb5 Bxc5 31. Rxc5 Kf8 32. Rc7 Kg7 33. Kf1 Kf6 34. Ke2 Ke6 35. e4 h5 36. Ke3 f5 37. Rc6+ Kf7 38. e5 Rd8 39. Rc5 Ra8 40. f4 Ke6 41. Rc6+ Kf7 42. h4 Rd8 43. Rc5 Ra8 44. Kd4 Ke6 45. Ke3 Kf7 46. Rc7+ Ke6 47. Rg7 Rb8 48. Rxg6+ Kf7 49. Ra6 Rb3+ 50. Kf2 Rb2+ 51. Kg1 Rb1+ 52. Kg2 Rb2+ 53. Kh3 1-0

[Event "BCF-ch U11"]
[Site "Hull"]
[Date "2018.07.27"]
[Round "2"]
[White "Yu, Daniel"]
[Black "Marsden, Sebi"]
[Result "1-0"]
[WhiteElo "131"]
[BlackElo "101"]
[PlyCount "73"]
[EventDate "2018.07.27"]
[EventType "swiss"]
[EventRounds "6"]
[EventCountry "ENG"]
[SourceTitle "CBM 186 Extra"]
[Source "ChessBase"]
[SourceDate "2018.08.24"]
[SourceVersion "1"]
[SourceVersionDate "2018.08.24"]
[SourceQuality "1"]

1. d4 Nf6 2. c4 g6 3. Nc3 Bg7 4. Nf3 d6 5. Bf4 0-0 6. e3 Nbd7 7. Be2 Re8 8. Bg3 Nh5 9. Bh4 Ndf6 10. h3 Nd7 11. Nd2 Nhf6 12. Nde4 e5 13. 0-0 b6 14. Bg4 a5 15. Bxd7 Bxd7 16. Nd5 Re6 17. Nexf6+ Bxf6 18. Nxf6+ Rxf6 19. dxe5 dxe5 20. Bxf6 Qxf6 21. Qxd7 Ra7 22. Rfd1 Kg7 23. Qd8 Qc6 24. Qd5 Qe8 25. f4 exf4 26. Qd4+ Kh6 27. Qxf4+ Kg7 28. Rd5 f6 29. Rad1 g5 30. Rd7+ Kh6 31. Qxf6+ Qg6 32. Qxg6+ hxg6 33. Re7 a4 34. Rdd7 g4 35. h4 g5 36. Re6+ Kh5 37. Rh7# 1-0